000
00274nam a2200121Ia 4500
008
190216s9999||||xx |||||||||||||| ||und||
100
_a
Shankar Bham
245
0
_a
Hindi-Sparsh Gandha
260
_b
Nalanda Prakashan
_c
2010
300
_a
262
650
_a
Hindi
942
_c
BK
999
_c
16848
_d
16848